| 000 | 00432nam a2200181Ia 4500 | ||
|---|---|---|---|
| 005 | 20250603144956.0 | ||
| 008 | 250603s9999 xx 000 0 und d | ||
| 020 | _a9780470635056 | ||
| 050 | _aSB 472 .B564/ | ||
| 100 | _aNorman k. Booth | ||
| 245 | 0 | _aFoundations of landscape architecture | |
| 260 | _aNew Jersey | ||
| 260 | _bJohn Wiley & Sons | ||
| 260 | _c2012 | ||
| 300 | _a72 p | ||
| 650 | _aNew Jersey | ||
| 942 | _cBK | ||
| 999 |
_c40508 _d40508 |
||